000 00277nam a22001337a 4500
008 170412b xxu||||| |||| 00| 0 eng d
020 _a0495553050
041 _aeng
080 _a612.39
100 _a10
101 _aSHM
245 _aNUTRITION
_cSIZER, F
942 _2udc
_cBK
999 _c10497
_d10497